[Event "Krakow op-A 23rd"]
[Site "Krakow"]
[Date "2012.12.27"]
[Round "1"]
[White "Maki Uuro, Miika"]
[Black "Wee, Chu En Kelvin"]
[Result "1/2-1/2"]
[WhiteElo "2342"]
[BlackElo "2048"]
[PlyCount "32"]
[EventDate "2012.12.27"]
[EventType "swiss"]
[EventRounds "9"]
[EventCountry "POL"]
[SourceTitle "CBM 152 Extra"]
[Source "ChessBase"]
[SourceDate "2013.02.25"]
[SourceVersion "1"]
[SourceVersionDate "2013.02.25"]
[SourceQuality "1"]

1. Nf3 c5 2. c4 g6 3. e4 Bg7 4. d4 cxd4 5. Nxd4 Nc6 6. Nc2 Nf6 7. Nc3 d6 8. Be2 0-0 9. 0-0 Nd7 10. Bd2 a5 11. Be3 a4 12. Qd2 Qa5 13. Na3 Bxc3 14. bxc3 Nc5 15. f3 Be6 16. Rab1 Rfe8 1/2-1/2

[Event "Penang op 4th"]
[Site "Penang"]
[Date "2012.12.14"]
[Round "7"]
[White "Wong, Yinn Long"]
[Black "Wee, Chu En Kelvin"]
[Result "1/2-1/2"]
[WhiteElo "1785"]
[BlackElo "2048"]
[PlyCount "151"]
[EventDate "2012.12.11"]
[EventType "swiss"]
[EventRounds "9"]
[EventCountry "MAS"]
[SourceTitle "EXT 2014"]
[Source "ChessBase"]
[SourceDate "2013.11.20"]
[SourceVersion "1"]
[SourceVersionDate "2013.11.20"]
[SourceQuality "1"]

1. e4 c5 2. Nc3 e6 3. f4 a6 4. Nf3 Nc6 5. g3 d5 6. e5 Nh6 7. Bg2 Nf5 8. 0-0 Be7 9. d3 b5 10. Ne2 b4 11. Qe1 h5 12. Qf2 Qb6 13. Be3 a5 14. c4 bxc3 15. bxc3 Ba6 16. Rfb1 Qa7 17. Ne1 Rc8 18. h3 0-0 19. Bc1 Qc7 20. Ba3 Qd7 21. Nc1 d4 22. c4 Ne3 23. Be4 Qc7 24. Nc2 Nxc2 25. Qxc2 Nb4 26. Qd1 g6 27. Nb3 h4 28. g4 Rb8 29. g5 Kg7 30. Rb2 Bb7 31. Nd2 Bc6 32. Rab1 Rb7 33. Bxc6 Qxc6 34. Ne4 Rfb8 35. Bxb4 axb4 36. Qe1 Rh8 37. Rb3 Ra7 38. R1b2 Qa8 39. Qf2 Ra3 40. Qc2 Qa4 41. Nd2 Qa8 42. Rxa3 Qxa3 43. Nb3 Qa8 44. Qg2 Qa6 45. Kh1 Rh5 46. Kh2 Qc8 47. Qe4 Qc7 48. Rg2 Rh8 49. Kg1 Rc8 50. Rb2 Qa7 51. Qg2 Qa6 52. Kh2 Rh8 53. Re2 Qb6 54. Re1 Qc7 55. Re2 Rh5 56. Qg1 Qd8 57. Qf2 Kf8 58. Re1 Ke8 59. Rf1 Qc7 60. Re1 Rh8 61. Qg2 Kd7 62. Re2 Rh5 63. Re1 Qa7 64. Re2 Kc7 65. Kh1 Kb6 66. Kg1 Qb8 67. Kf1 Qd8 68. Ke1 Qb8 69. Kd1 Qa7 70. Kc1 Rh8 71. Kb1 Ra8 72. Rb2 Qa4 73. Qf3 Rh8 74. Qg2 Rh5 75. Qf3 Qa7 76. Nd2 1/2-1/2

[Event "Thailand op 11th"]
[Site "Pattaya"]
[Date "2011.04.12"]
[Round "3"]
[White "Wee, Chu En Kelvin"]
[Black "Shetty, Rahul"]
[Result "0-1"]
[WhiteElo "2037"]
[BlackElo "2279"]
[PlyCount "54"]
[EventDate "2011.04.11"]
[EventType "swiss"]
[EventRounds "9"]
[EventCountry "THA"]
[SourceTitle "CBM 141 Extra"]
[Source "ChessBase"]
[SourceDate "2011.05.03"]
[SourceVersion "1"]
[SourceVersionDate "2011.05.03"]
[SourceQuality "1"]

1. e4 c5 2. Nf3 e6 3. d4 cxd4 4. Nxd4 Nf6 5. Nc3 d6 6. Be2 Be7 7. 0-0 a6 8. f4 Qc7 9. Kh1 0-0 10. Qd3 Nbd7 11. Qg3 Re8 12. Bd3 b5 13. a3 Bb7 14. Bd2 Bf8 15. Rae1 Nc5 16. Nf3 g6 17. e5 Nh5 18. Qh3 Nxd3 19. cxd3 Rad8 20. Ng5 Bg7 21. Nce4 dxe5 22. fxe5 Qc2 23. Nd6 Qxd2 24. Ngxf7 Nf4 25. Nxb7 Nxh3 26. Nbxd8 Nf2+ 27. Kg1 Nxd3 0-1

[Event "Singapore-ch op"]
[Site "Singapore"]
[Date "2010.01.10"]
[Round "3"]
[White "Wee, Chu En Kelvin"]
[Black "Chan, Mark"]
[Result "0-1"]
[WhiteElo "2036"]
[BlackElo "2219"]
[PlyCount "84"]
[EventDate "2010.01.09"]
[EventType "swiss"]
[EventRounds "7"]
[EventCountry "SIN"]
[SourceTitle "CBM 134 Extra"]
[Source "ChessBase"]
[SourceDate "2010.03.03"]
[SourceVersion "1"]
[SourceVersionDate "2010.03.03"]
[SourceQuality "1"]

1. e4 c5 2. Nf3 d6 3. d4 cxd4 4. Nxd4 Nf6 5. Nc3 a6 6. Be2 e5 7. Nb3 Be6 8. f4 Qc7 9. f5 Bc4 10. Bg5 Nbd7 11. Bxc4 Qxc4 12. Qf3 b5 13. a3 Be7 14. Nd2 Qc6 15. Nf1 0-0 16. Ne3 Bd8 17. Bxf6 Nxf6 18. Ncd5 Nxd5 19. Nxd5 Qxc2 20. b4 Bg5 21. 0-0 f6 22. Rf2 Qc4 23. Qe2 Qd4 24. Rd1 Qa7 25. Qa2 Kh8 26. Kh1 a5 27. Qb2 axb4 28. axb4 Rfc8 29. Rc2 Rxc2 30. Qxc2 Qa4 31. Qe2 Rc8 32. h3 Qc2 33. Qxc2 Rxc2 34. Ra1 h5 35. Ne7 Bf4 36. Ng6+ Kh7 37. Kg1 Bg3 38. Kf1 h4 39. Nf8+ Kh6 40. Ra8 Rf2+ 41. Kg1 Re2 42. Ne6 Re1# 0-1

[Event "SIN-ch U16"]
[Site "Singapore"]
[Date "2009.01.09"]
[Round "8"]
[White "Chan, Wei Qi Sarah"]
[Black "Wee, Chu En Kelvin"]
[Result "0-1"]
[WhiteElo "1672"]
[BlackElo "1998"]
[PlyCount "109"]
[EventDate "2009.01.03"]
[EventType "swiss"]
[EventRounds "9"]
[EventCountry "SIN"]
[SourceTitle "EXT 2011"]
[Source "ChessBase"]
[SourceDate "2010.11.26"]
[SourceVersion "1"]
[SourceVersionDate "2010.11.26"]
[SourceQuality "1"]

1. e4 c5 2. Nf3 e6 3. d4 cxd4 4. Nxd4 a6 5. Nc3 Qc7 6. Be2 b5 7. Bf3 Bb7 8. 0-0 Nc6 9. Be3 Nf6 10. Nxc6 Bxc6 11. a3 d6 12. Qd3 Be7 13. Rad1 0-0 14. Rfe1 Rfd8 15. Bd4 Rac8 16. Qe3 Nd7 17. Qd2 Ne5 18. Be2 Qb7 19. Bxe5 dxe5 20. Qe3 a5 21. Bd3 b4 22. axb4 axb4 23. Nb1 h6 24. Nd2 Ra8 25. Qg3 Bb5 26. Nc4 Bxc4 27. Bxc4 Rxd1 28. Rxd1 Qxe4 29. Qd3 Qc6 30. b3 Bc5 31. h3 Qb6 32. Qe2 Bd4 33. Kf1 Rf8 34. Qd2 Kh7 35. Bd3+ g6 36. g4 Kg7 37. Kg2 Ra8 38. Qe2 Ra2 39. Rf1 f5 40. f3 Qd8 41. Qd2 Qd6 42. Qe2 Ba7 43. Rd1 Bd4 44. Rf1 Qe7 45. Qd2 Ra5 46. Rd1 Rc5 47. Rf1 Rc3 48. Qe1 Qc7 49. Qe2 h5 50. Rd1 Qb7 51. Kg3 Qb8 52. Kg2 h4 53. Qe1 e4 54. fxe4 fxe4 55. Bxe4 0-1

[Event "SIN-ch U16"]
[Site "Singapore"]
[Date "2009.01.08"]
[Round "7"]
[White "Ho, En Huei Danielle"]
[Black "Wee, Chu En Kelvin"]
[Result "0-1"]
[WhiteElo "1747"]
[BlackElo "1998"]
[PlyCount "94"]
[EventDate "2009.01.03"]
[EventType "swiss"]
[EventRounds "9"]
[EventCountry "SIN"]
[SourceTitle "EXT 2011"]
[Source "ChessBase"]
[SourceDate "2010.11.26"]
[SourceVersion "1"]
[SourceVersionDate "2010.11.26"]
[SourceQuality "1"]

1. d4 Nf6 2. Bg5 c5 3. Bxf6 gxf6 4. d5 Qb6 5. Nd2 Qxb2 6. Ngf3 d6 7. e3 Qb6 8. Bd3 Nd7 9. 0-0 Ne5 10. Nxe5 fxe5 11. Ne4 Bg7 12. Qh5 h6 13. f4 c4 14. fxe5 Bxe5 15. Qxf7+ Kd8 16. Rae1 cxd3 17. cxd3 Bd7 18. d4 Be8 19. Qe6 Bg7 20. Rc1 Bd7 21. Qg6 Bxd4 22. exd4 Qxd4+ 23. Kh1 Qxd5 24. Nf6 Qg5 25. Qd3 exf6 26. Qxd6 Qe5 27. Qb4 Bc6 28. Rfd1+ Kc7 29. Re1 Qd5 30. Qf4+ Kc8 31. Rc2 Rg8 32. Qxf6 a5 33. Qb2 a4 34. Rb1 Qd7 35. Qc3 Ra6 36. h3 Kb8 37. Qe5+ Ka8 38. Qe3 Qd5 39. Rbb2 Ra5 40. Qe1 Rb5 41. Rxb5 Qxb5 42. Re2 Qd5 43. Qf1 Rxg2 44. Rxg2 Qxg2+ 45. Qxg2 Bxg2+ 46. Kxg2 a3 47. Kf3 b5 0-1

[Event "SIN-ch U16"]
[Site "Singapore"]
[Date "2009.01.03"]
[Round "2"]
[White "Cheng, Jie Ling Zerlene"]
[Black "Wee, Chu En Kelvin"]
[Result "0-1"]
[WhiteElo "1852"]
[BlackElo "1998"]
[PlyCount "118"]
[EventDate "2009.01.03"]
[EventType "swiss"]
[EventRounds "9"]
[EventCountry "SIN"]
[SourceTitle "EXT 2011"]
[Source "ChessBase"]
[SourceDate "2010.11.26"]
[SourceVersion "1"]
[SourceVersionDate "2010.11.26"]
[SourceQuality "1"]

1. Nf3 Nf6 2. g3 g6 3. Bg2 Bg7 4. 0-0 0-0 5. d3 d6 6. c3 c5 7. Na3 Nc6 8. e4 Bg4 9. h3 Bxf3 10. Bxf3 Nd7 11. Be3 Rb8 12. Qd2 b5 13. Bh6 Nce5 14. Be2 b4 15. cxb4 Bxh6 16. Qxh6 Rxb4 17. Rab1 Qb6 18. Qd2 Rb8 19. b3 Qd8 20. Nc2 R4b7 21. d4 cxd4 22. Nxd4 Qb6 23. Rfc1 Nc5 24. Qe3 Ne6 25. Nc2 Qa5 26. a3 Rc7 27. f4 Nd7 28. Bc4 Rbc8 29. b4 Qh5 30. g4 Qh4 31. Bxe6 fxe6 32. Qb3 Qf6 33. f5 Ne5 34. Rb2 Rc3 35. Qxe6+ Qxe6 36. fxe6 Nf3+ 37. Kg2 Nd4 38. Nxd4 Rxc1 39. Rf2 Rf8 40. Rxf8+ Kxf8 41. Nb5 a6 42. Nd4 Rc3 43. a4 Rc4 44. Nb3 Rxb4 45. Na5 Rxa4 46. Nc6 Rxe4 47. Nb8 a5 48. Nd7+ Kg7 49. Nb6 Rxe6 50. Kf3 Re5 51. Kf4 Rb5 52. Nc8 Kf7 53. Na7 Rb4+ 54. Kf3 a4 55. Nc6 Rb3+ 56. Kg2 a3 57. Nd4 Rb2+ 58. Kf3 a2 59. Nc2 Rxc2 0-1

[Event "SIN-ch U16"]
[Site "Singapore"]
[Date "2009.01.03"]
[Round "1"]
[White "Wee, Chu En Kelvin"]
[Black "Sia, Xin Jie Selina"]
[Result "1-0"]
[WhiteElo "1998"]
[BlackElo "1756"]
[PlyCount "35"]
[EventDate "2009.01.03"]
[EventType "swiss"]
[EventRounds "9"]
[EventCountry "SIN"]
[SourceTitle "EXT 2011"]
[Source "ChessBase"]
[SourceDate "2010.11.26"]
[SourceVersion "1"]
[SourceVersionDate "2010.11.26"]
[SourceQuality "1"]

1. e4 e5 2. Nf3 Nc6 3. Bc4 Bc5 4. b4 Bxb4 5. c3 Be7 6. d4 exd4 7. Qb3 Bf6 8. Bxf7+ Kf8 9. Bxg8 Rxg8 10. 0-0 d6 11. Bb2 d3 12. Nbd2 Qe8 13. Rfe1 Be6 14. c4 Na5 15. Qb4 Bxb2 16. Qxb2 Qd7 17. Qc3 h6 18. Qxa5 1-0

[Event "Vlissingen HZ op 11th"]
[Site "Vlissingen"]
[Date "2007.08.09"]
[Round "7"]
[White "Van Loon, Eric"]
[Black "Wee, Chu En Kelvin"]
[Result "0-1"]
[WhiteElo "2117"]
[BlackElo "1930"]
[PlyCount "54"]
[EventDate "2007.08.04"]
[EventType "swiss"]
[EventRounds "9"]
[EventCountry "NED"]
[SourceTitle "CBM 119 Extra"]
[Source "ChessBase"]
[SourceDate "2007.09.04"]
[SourceVersion "1"]
[SourceVersionDate "2007.09.04"]
[SourceQuality "1"]

1. e4 c5 2. Nf3 e6 3. d4 cxd4 4. Nxd4 Nf6 5. Nc3 d6 6. Be2 Be7 7. 0-0 0-0 8. Be3 a6 9. f4 Nc6 10. Qe1 Nxd4 11. Bxd4 b5 12. Bf3 Bb7 13. Rd1 Qc7 14. e5 Ne8 15. Bxb7 Qxb7 16. Ne4 Rd8 17. exd6 Nxd6 18. Nxd6 Bxd6 19. Bxg7 Bc5+ 20. Kh1 Rxd1 21. Qxd1 Kxg7 22. Qh5 f5 23. Rf3 Rf6 24. Rh3 h6 25. Rg3+ Kh7 26. Qe8 Bf8 27. Rd3 Bg7 0-1

[Event "Vlissingen HZ op 11th"]
[Site "Vlissingen"]
[Date "2007.08.08"]
[Round "6"]
[White "Wee, Chu En Kelvin"]
[Black "Soors, Stef"]
[Result "1/2-1/2"]
[WhiteElo "1930"]
[BlackElo "2126"]
[PlyCount "56"]
[EventDate "2007.08.04"]
[EventType "swiss"]
[EventRounds "9"]
[EventCountry "NED"]
[SourceTitle "CBM 119 Extra"]
[Source "ChessBase"]
[SourceDate "2007.09.04"]
[SourceVersion "1"]
[SourceVersionDate "2007.09.04"]
[SourceQuality "1"]

1. e4 e6 2. d4 d5 3. Nd2 c5 4. exd5 Qxd5 5. Ngf3 cxd4 6. Bc4 Qd6 7. 0-0 Nf6 8. Nb3 Nc6 9. Nbxd4 Nxd4 10. Nxd4 a6 11. Bb3 Qc7 12. Re1 Bd6 13. h3 0-0 14. Bg5 Bh2+ 15. Kh1 Be5 16. c3 Rd8 17. Qf3 h6 18. Bh4 Bd7 19. Rad1 Be8 20. Re2 Bc6 21. Nxc6 Rxd1+ 22. Bxd1 bxc6 23. Bxf6 Bxf6 24. Bc2 Rd8 25. Qe4 Qb6 26. Bd3 a5 27. g3 Qc5 28. Bc4 Kf8 1/2-1/2